[Event "FRA-ch U16 Girls"]
[Site "Gonfreville"]
[Date "2016.??.??"]
[Round "8"]
[White "Koch, Pauline"]
[Black "Soreda, Elisa"]
[Result "0-1"]
[WhiteElo "1608"]
[BlackElo "1596"]
[PlyCount "57"]
[EventDate "2016.04.22"]
[EventType "swiss"]
[EventRounds "9"]
[EventCountry "FRA"]
[SourceTitle "EXT 2019"]
[Source "ChessBase"]
[SourceDate "2018.10.10"]
[SourceVersion "1"]
[SourceVersionDate "2018.10.10"]
[SourceQuality "1"]

1. d4 d5 2. c4 c6 3. cxd5 cxd5 4. Bf4 Nc6 5. e3 Nf6 6. Nc3 e6 7. Bd3 Be7 8. Nf3 Nd7 9. 0-0 a6 10. a3 g5 11. Bg3 h5 12. h3 g4 13. hxg4 hxg4 14. Nd2 Rg8 15. Ne2 f5 16. Nf4 Nf6 17. Qc2 Qd7 18. Rfd1 Bd6 19. Rac1 Bxf4 20. exf4 Qh7 21. Qa4 Bd7 22. Bb5 Kf7 23. Bxc6 Bxc6 24. Rxc6 bxc6 25. Qxc6 Rh8 26. Qc7+ Kg6 27. Qxh7+ Rxh7 28. Rc1 Rah8 29. Ra1 0-1

[Event "FRA-ch U14 Girls"]
[Site "Montbeliard"]
[Date "2014.04.22"]
[Round "3"]
[White "Toure, Shanti"]
[Black "Koch, Pauline"]
[Result "1-0"]
[WhiteElo "1612"]
[BlackElo "1472"]
[PlyCount "97"]
[EventDate "2014.04.21"]
[EventType "swiss"]
[EventRounds "9"]
[EventCountry "FRA"]
[SourceTitle "CBM 160 Extra"]
[Source "ChessBase"]
[SourceDate "2014.07.01"]
[SourceVersion "1"]
[SourceVersionDate "2014.07.01"]
[SourceQuality "1"]

1. e4 c5 2. Nf3 Nc6 3. d4 cxd4 4. Nxd4 Qb6 5. Nb3 Nf6 6. Nc3 e6 7. Be3 Qc7 8. a3 a6 9. g3 Be7 10. Bg2 b5 11. 0-0 d6 12. f4 0-0 13. f5 Rb8 14. g4 Ne5 15. g5 Nfd7 16. Nd2 Nb6 17. f6 Bd8 18. fxg7 Kxg7 19. Qh5 Be7 20. Qh6+ Kg8 21. Rf4 Ng6 22. Rf3 f6 23. Rh3 Bd8 24. Nf3 e5 25. Rg3 Qg7 26. gxf6 Qxh6 27. Bxh6 Rxf6 28. Nh4 Bd7 29. Nxg6 Rxg6 30. Rf1 Be7 31. Rxg6+ hxg6 32. Be3 Be6 33. Rd1 Nc4 34. Bc1 Bg4 35. Rd3 b4 36. Nd5 Kf7 37. Nxb4 a5 38. Nc6 Rb6 39. Nxe7 Kxe7 40. b3 Rb7 41. Bg5+ Kf7 42. bxc4 Rb2 43. Bf3 Bxf3 44. Rxf3+ Kg7 45. Rc3 Rb1+ 46. Kg2 Re1 47. Be3 g5 48. Kg3 Kg6 49. Rd3 1-0

[Event "FRA-chT U20"]
[Site "Colmar"]
[Date "2013.12.07"]
[Round "?"]
[White "Koch, Pauline"]
[Black "Principato, Guillaume"]
[Result "0-1"]
[WhiteElo "1466"]
[BlackElo "1650"]
[PlyCount "60"]
[EventDate "2013.12.07"]
[EventType "swiss"]
[EventRounds "6"]
[EventCountry "FRA"]
[SourceTitle "EXT 2015"]
[Source "ChessBase"]
[SourceDate "2014.11.20"]
[SourceVersion "1"]
[SourceVersionDate "2014.11.20"]
[SourceQuality "1"]

1. d4 d5 2. Nf3 Nc6 3. g3 Bg4 4. Bg2 Qd7 5. Nbd2 Bh3 6. 0-0 h5 7. c3 h4 8. e4 hxg3 9. fxg3 Bxg2 10. Kxg2 Qh3+ 11. Kf2 0-0-0 12. Rh1 dxe4 13. Nxe4 Qf5 14. Qe2 e5 15. dxe5 Nxe5 16. Kg2 Qh3+ 17. Kg1 Ng4 18. Qf1 Qh5 19. Bf4 N8f6 20. Nxf6 gxf6 21. b4 Ne5 22. Nxe5 fxe5 23. Be3 f5 24. a4 f4 25. gxf4 Bh6 26. h3 Rhg8+ 27. Kh2 exf4 28. Bxa7 Rge8 29. Bf2 Qf3 30. Rg1 Re2 0-1